banner koha

Utilizacao do filme aerochrome do tipo 2443 para identificacao e avaliacao de areas ocupadas com trigo [Rio Grande do Sul, Brasil] (Registro n. 31749)

MARC details
000 -LÍDER
campo de controle de tamanho fixo 01300nam a22004097a 4500
001 - NÚMERO DE CONTROLE
campo de controle BR8104476
003 - IDENTIFICADOR DO NÚMERO DE CONTROLE
campo de controle BR-BrBNA
005 - DATA E HORÁRIO DA ÚLTIMA TRANSAÇÃO
campo de controle 20230928091018.0
007 - CAMPO FIXO DE DESCRIÇÃO FÍSICA--INFORMAÇÃO GERAL
campo de controle de tamanho fixo ta
008 - CAMPO DE DADOS FIXOS--INFORMAÇÃO GERAL
campo de controle de tamanho fixo 230509b bl.||||| |||| 00| 0 por d
040 ## - FONTE DA CATALOGAÇÃO
Instituição da catalogação original BR-BrBNA
Idioma da catalogação por
Instituição que transcreveu o registro Biblioteca Nacional de Agricultura
041 ## - CÓDIGO DE IDIOMA
Código do idioma do texto/trilha sonora ou título diferente (Por)
072 ## - CÓDIGO DE CATEGORIA DE ASSUNTO
Código de Categoria de Assunto F00
Código do objeto 0180
-- /G514
090 ## - NÚMERO DE CHAMADA LOCAL
-- 0180 BR8104476
100 1# - ENTRADA PRINCIPAL--NOME PESSOAL
Nome pessoal Mendonca, F.J.
100 1# - ENTRADA PRINCIPAL--NOME PESSOAL
Nome pessoal Lima, A.M. de
100 1# - ENTRADA PRINCIPAL--NOME PESSOAL
Nome pessoal Tardin, A.T.
100 1# - ENTRADA PRINCIPAL--NOME PESSOAL
Nome pessoal Santos, A.P. dos
100 1# - ENTRADA PRINCIPAL--NOME PESSOAL
Nome pessoal Cottrell, D.A.
100 1# - ENTRADA PRINCIPAL--NOME PESSOAL
Nome pessoal Lee, D.C.L.
100 1# - ENTRADA PRINCIPAL--NOME PESSOAL
Nome pessoal Maia, F.C.S.
100 1# - ENTRADA PRINCIPAL--NOME PESSOAL
Nome pessoal Lucht, L.A.M.
100 1# - ENTRADA PRINCIPAL--NOME PESSOAL
Nome pessoal Moreira, M.A.
100 1# - ENTRADA PRINCIPAL--NOME PESSOAL
Nome pessoal Novaes, R.A.
100 1# - ENTRADA PRINCIPAL--NOME PESSOAL
Nome pessoal Shimabukuro, Y.E.
110 1# - ENTRADA PRINCIPAL--NOME CORPORATIVO
Nome corporativo ou nome da jurisdição Instituto de Pesquisas Espaciais, Sao Jose dos Campos, SP (Brasil)
111 1# - ENTRADA PRINCIPAL--NOME DO EVENTO
Nome do evento ou lugar 11. Congresso Brasileiro de Engenharia Agricola
Local do evento Brasilia, DF (Brazil)
Data do evento ou assinatura do tratado 22 Jun 1981
245 1# - TÍTULO
Título Utilizacao do filme aerochrome do tipo 2443 para identificacao e avaliacao de areas ocupadas com trigo [Rio Grande do Sul, Brasil]
Restante do título INPE-2197-PRE/006
260 3# - PUBLICAÇÃO, DISTRIBUIÇÃO, ETC.
Local de publicação, distribuição, etc. Sao Jose dos Campos, SP (Brasil):
Data da publicação, distribuição, etc. 1981.
300 ## - DESCRIÇÃO FÍSICA
Extensão 9 p.
500 ## - NOTA GERAL
Nota geral Summaries (Eng, Por)
650 ## - ASSUNTO--TERMO TÓPICO
Cabeçalho tópico ou nome geográfico TRIGO
650 ## - ASSUNTO--TERMO TÓPICO
Cabeçalho tópico ou nome geográfico SENSORIAMENTO REMOTO
650 ## - ASSUNTO--TERMO TÓPICO
Cabeçalho tópico ou nome geográfico RIO GRANDE DO SUL
909 ## -
-- 202309
-- Lucia
-- 55
-- Lucia Elande
942 ## - ELEMENTOS DE ENTRADA ADICIONADOS (KOHA)
Tipo de material Koha Livros
Exemplares
Situação do descarte Fonte da classificação ou esquema de arquivamento na estante Situação física Não pode ser emprestado Coleção Biblioteca de origem Biblioteca atual Total de empréstimos Número de telefone completo Código de barras Data de último acesso Número do exemplar Tipo de material Koha Situação das perdas Data de aquisição Fonte de aquisição
  Classificação AGRIS       Biblioteca Nacional de Agricultura - Binagri Biblioteca Nacional de Agricultura - Binagri   0180 BR8104476 0180 BR8104476 25/09/2023 01 Livros   2023-09-25 Portaria Interministerial nº 164/94

BINAGRI

Telefone: (61)3218-2567/2388/3357/2097 - binagri@agro.gov.br

Ministério da Agricultura e Pecuária , Esplanada dos Ministérios, Bloco D, Anexo B, Brasília/DF, CEP: 70.043-900